000 004270000a22001690004500
003 LK-CoMWRAF
008 230817t ||||| |||| 00| 0 eng d
040 _aLK-CoMWRAF
_dLK-CoMWRAF
_eLK-CoMWRAF
041 _aeng
082 _a010
_bCDS
245 _aCDS/ISIS for windows
_breference manual (version 1.31)
260 _bUNESCO
_c1998
300 _ap.p.v.
650 _ahandbooks
650 _aLibrary automation
942 _cBK
999 _c2490
_d2490